| 000 | 01145nam a22002537a 4500 | ||
|---|---|---|---|
| 005 | 20080905121451.0 | ||
| 008 | 080905t xxu||||| |||| 00| 0 hin d | ||
| 010 | _aHIN-92868 | ||
| 020 |
_c110.00 _a97881905302100 |
||
| 035 | _aHN-65214 | ||
| 037 | _bDBAD / PUB | ||
| 040 |
_aDPL _bHN |
||
| 082 | _aक | ||
| 100 |
_aपोकरा, श्याम कुमार _928442 |
||
| 245 |
_aमजदूर मंडी / _cश्याम कुमार पोकरा |
||
| 246 |
_aMajdoor mandi _bby Shyam Kumar Pokra |
||
| 260 |
_aजयपुर _bसाक्षी प्रकाशन _c2010 |
||
| 270 |
_a26, शिव वाटिका, मॉडल टाउन-सी के पास, मालवीय नगर _bजयपुर (राज.) |
||
| 300 |
_a96पृ _c22सेमी (सजिल्द) |
||
| 650 |
_928443 _aलघु कथाएँ, हिन्दी |
||
| 650 |
_928455 _aShort Stories, Hindi |
||
| 942 |
_adpl _cHN _2ddc _mपोकरा _hक |
||
| 999 |
_c52763 _d52763 |
||